Find the Cartoon Birds Quiz Stats

 Plays Quiz Updated Jun 17, 2017

Support Sporcle.
Go Orange.
Score 0/42 Timer 07:00
1 Play Today
% Correct
Tweety
89%
Daisy Duck
88.8%
Donald Duck
87.9%
Woody
Woodpecker
85.6%
Toucan Sam
85.4%
Daffy Duck
84.6%
Scrooge
McDuck
84.5%
Blu
83.2%
Count
Duckula
80.1%
Foghorn
Leghorn
79.1%
Woodstock
77.3%
Chicken
Little
76.3%
Woodsy
Owl
75.6%
Zazu
72.4%
Jovny
the Vlasic Stork
72%
Darkwing
Duck
70.8%
Beaky
Buzzard
68.1%
Iago
66.6%
Chilly Willy
64.1%
Miss Prissy
63.6%
Egghead, Jr.
60.6%
% Correct
Cornelius
the Rooster
60.1%
Launchpad
McQuack
60%
Tennessee
Tuxedo
60%
Sonny
the Cuckoo Bird
58.2%
Scuttle
53.3%
Plucky
Duck
52.7%
Baby Huey
52.6%
Super
Chicken
51.9%
Henery
Hawk
51.2%
Kevin
51.2%
Wade Duck
49.1%
José
Carioca
49.1%
Opus
the Penguin
48.9%
Gogo Dodo
46.5%
Yankee Doodle
Pigeon
45.6%
Skipper
45.2%
Nico
40.7%
Margalo
38.9%
Wilbur
37.7%
Dinky Duck
33.4%
Yakky Doodle
28.1%

You're not logged in!

Compare scores with friends on all Sporcle quizzes.
OR
Log In
Forgot?

From the Vault

FIFA World Cup Quarter-Finalists

by citkeane

There's only a couple more years until the next World Cup. Who's ready?
Remove Ads.
Support Sporcle.
Get the best of Sporcle when you Go Orange. This ad-free experience offers more features, more stats, and more fun while also helping to support Sporcle. Thank you for becoming a member.

Show Comments

Extras

Top Quizzes Today


Score Distribution

Your Account Isn't Verified!

In order to create a playlist on Sporcle, you need to verify the email address you used during registration. Go to your Sporcle Settings to finish the process.

Report this User

Report this user for behavior that violates our Community Guidelines.

Details: